Estadísticas para Cultura General Fácil #1

Haz click aquí para intentar la prueba.

Estadísticas generales

  • Esta prueba ha sido intentada 3.095 veces
  • La puntuación promedio es 16 de 20

Estadísticas de respuestas

PreguntaRespuesta% Correcto
¿De qué color son los flamencos, normalmente?Rosa
98%
¿Cuál es la capital de Grecia?Atenas
95%
¿Quién fue el primer presidente afroamericano de los Estados Unidos?Barack Obama
95%
¿Cuál es la montaña más alta del mundo?Monte Everest
95%
¿Qué largo reinado como Reina del Reino Unido comenzó en 1952?Reina Isabel II
92%
¿Qué planeta del sistema solar está más cerca del sol?Mercurio
91%
¿Cuál es la moneda del Reino Unido?Libra esterlina
89%
¿Qué explorador europeo desembarcó en el Nuevo Mundo en 1492?Cristóbal Colón
88%
¿Qué tienen los vertebrados que no tienen los invertebrados?Espinas Dorsales
83%
¿En qué océano encontrarías el país de Sri Lanka?Océano Índico
82%
¿Cuál es el primer elemento de la tabla periódica?Hidrógeno
79%
¿Cuál es el estado más poblado de los Estados Unidos?California
76%
¿Cuál es el deporte para espectadores más popular en Canadá?Hockey sobre hielo
76%
En la Biblia, ¿quién entregó los Diez Mandamientos de Dios al pueblo de Israel?Moisés
75%
¿Cuál es el país más austral de África?Sudáfrica
74%
¿Qué personaje de dibujos animados dice "¿Qué hay de nuevo viejo?"Bugs Bunny
68%
¿Qué banda de rock lidera Mick Jagger?The Rolling Stones
68%
¿Quién fue el primer ministro del Reino Unido durante la mayor parte de la Segunda Guerra Mundial?Winston Churchill
64%
¿De qué país procedían Crocodile Dundee y Crocodile Hunter?Australia
49%
¿Qué película de 1980 fue la secuela de "Star Wars"?El Imperio Contraataca
32%

Distribución de puntuación

Porcentaje por número respondido

Porcentaje de gente con cada puntuación

Historial de tus puntuaciones

No has intentado esta prueba.